000 00426nmm a2200157Ia 4500
008 251105s9999||||xx |||||||||||||||||und||
020 _a8484299236
041 _aspa
100 _aTiñena Salvañá, Francesc
245 0 _aTeoría de conjuntos
264 _a[Madrid, España] :
_bUOC Papers,
_c2002
300 _a44 páginas
650 _aSciences
856 _uhttps://public.digitaliapublishing.com/a/5803
942 _cCF
999 _c73801
_d73801